[Event "10MCR_4DW_1L_2S"]
[Site "CR"]
[Date "2012.??.??"]
[Round "?"]
[White "Nedoma, Petr"]
[Black "Gubas, Jan"]
[Result "1-0"]
[WhiteElo "2417"]
[BlackElo "2334"]
[Annotator "26"]
[PlyCount "95"]
[EventDate "2012.??.??"]
[EventType "corr"]

1. d4 d5 2. Nf3 Nf6 3. c4 c6 4. e3 Bf5 5. Nc3 e6 6. Nh4 Be4 7. f3 Bg6 8. Bd2
Nbd7 9. Qb3 Qc7 10. g3 dxc4 11. Bxc4 O-O-O 12. Rc1 Kb8 13. e4 Bh5 14. Be2 e5
15. a4 Qd6 16. Nf5 Qe6 17. Bc4 Qe8 18. Ba6 Nb6 19. a5 bxa6 20. axb6 Bxf3 21.
O-O Nxe4 22. Be3 Nxc3 23. bxa7+ Ka8 24. bxc3 Be4 25. Rb1 c5 26. Qb6 cxd4 27.
cxd4 exd4 28. Bf4 Bxb1 29. Rxb1 Bb4 30. Rxb4 Qe1+ 31. Kg2 Qe4+ 32. Kf2 g5 33.
Rxd4 Qc2+ 34. Kg1 gxf4 35. Rxd8+ Rxd8 36. Qxd8+ Kxa7 37. Qe7+ Kb6 38. Qb4+ Ka7
39. Qxf4 Qd1+ 40. Kf2 Qc2+ 41. Kf3 Qxh2 42. Qc7+ Ka8 43. Qxf7 Qh1+ 44. Kf4 Qf1+
45. Kg5 Qc1+ 46. Kh5 Qh1+ 47. Nh4 Qb7 48. Qxb7+ 1-0

[Event "10MCR_4DW_1L_2S"]
[Site "CR"]
[Date "2012.??.??"]
[Round "?"]
[White "Pavlicek, Miroslav"]
[Black "Hrdy, Roman"]
[Result "1/2-1/2"]
[WhiteElo "2232"]
[BlackElo "2356"]
[Annotator "27"]
[PlyCount "84"]
[EventDate "2012.??.??"]
[EventType "corr"]

1. e4 c6 2. d4 d5 3. exd5 cxd5 4. c4 Nf6 5. Nc3 g6 6. Qb3 Bg7 7. cxd5 O-O 8.
Be2 Nbd7 9. Bf3 Nb6 10. Nge2 Bf5 11. O-O Qd7 12. Re1 Bd3 13. d6 Bc4 14. Qa3
exd6 15. Bf4 d5 16. b3 Ba6 17. Qa5 Rfe8 18. Rac1 Rac8 19. h3 Ne4 20. Be3 Rc6
21. a4 Bf8 22. Nb5 Bxb5 23. axb5 Rxc1 24. Rxc1 Nd6 25. Nc3 Qd8 26. Qxa7 Nf5 27.
Nd1 Qf6 28. Kf1 Nxd4 29. Qa1 Bg7 30. Bxd4 Qxd4 31. Qxd4 Bxd4 32. Rc7 Rb8 33.
Ne3 Be5 34. Rc5 Rd8 35. Nxd5 Bd6 36. Rc2 Nxd5 37. Bxd5 b6 38. Ra2 Bc5 39. Bc4
Rd7 40. Ke2 Kg7 41. Ra6 h5 42. g3 Re7+ 1/2-1/2

[Event "10MCR_4DW_1L_2S"]
[Site "CR"]
[Date "2012.??.??"]
[Round "?"]
[White "Cernovsky, Karel"]
[Black "Hrdy, Roman"]
[Result "1/2-1/2"]
[WhiteElo "2331"]
[BlackElo "2356"]
[Annotator "28"]
[PlyCount "62"]
[EventDate "2012.??.??"]
[EventType "corr"]

1. e4 c6 2. d4 d5 3. e5 Bf5 4. Nf3 e6 5. Be2 Nd7 6. O-O h6 7. Nbd2 Ne7 8. Nb3
Qc7 9. a4 a6 10. Bd2 c5 11. Nxc5 Nxc5 12. dxc5 Qxc5 13. c4 Nc6 14. Be3 d4 15.
Bxd4 Nxd4 16. Qxd4 Rd8 17. Qc3 Be7 18. Rad1 O-O 19. Bd3 Bxd3 20. Rxd3 Rxd3 21.
Qxd3 Rd8 22. Qb3 Rd7 23. Rc1 Qc7 24. Kf1 Qd8 25. h3 Bc5 26. Ra1 a5 27. Ke2 Kf8
28. Qc2 Kg8 29. Rb1 Qb6 30. Rc1 Kh8 31. Kf1 Qd8 1/2-1/2

[Event "10MCR_4DW_1L_2S"]
[Site "CR"]
[Date "2012.??.??"]
[Round "?"]
[White "Hrdy, Roman"]
[Black "Mikoska, Josef"]
[Result "1/2-1/2"]
[WhiteElo "2356"]
[BlackElo "2222"]
[Annotator "29"]
[PlyCount "79"]
[EventDate "2012.??.??"]
[EventType "corr"]

1. d4 Nf6 2. c4 g6 3. Nc3 Bg7 4. e4 d6 5. f3 O-O 6. Bg5 c5 7. d5 e6 8. Qd2 exd5
9. cxd5 a6 10. a4 Re8 11. Nge2 Nbd7 12. Ng3 Qa5 13. Be2 h5 14. O-O Nh7 15. Be3
Qb4 16. Rfd1 Ne5 17. a5 Bd7 18. Nf1 f5 19. exf5 gxf5 20. Ng3 h4 21. Nh5 Re7 22.
Kh1 Rae8 23. Nxg7 Rxg7 24. Qc1 h3 25. gxh3 Kf7 26. Bf4 Nf6 27. Bg5 Rh8 28. h4
Rgh7 29. Rg1 Rxh4 30. Bxh4 Qxh4 31. Rg2 f4 32. Qg1 Kf8 33. Qf2 Bh3 34. Qxh4
Bxg2+ 35. Kxg2 Rxh4 36. Ra3 Rh5 37. Rb3 Rh7 38. Rb6 Rd7 39. Kf2 Ke7 40. Bf1
1/2-1/2

[Event "10MCR_4DW_1L_2S"]
[Site "CR"]
[Date "2012.??.??"]
[Round "?"]
[White "Mikoska, Josef"]
[Black "Cernovsky, Karel"]
[Result "1/2-1/2"]
[WhiteElo "2222"]
[BlackElo "2331"]
[Annotator "30"]
[PlyCount "76"]
[EventDate "2012.??.??"]
[EventType "corr"]

1. e4 e5 2. Nf3 Nc6 3. Bb5 a6 4. Ba4 Nf6 5. O-O Be7 6. Re1 b5 7. Bb3 d6 8. c3
O-O 9. h3 Na5 10. Bc2 c5 11. d4 cxd4 12. cxd4 Bb7 13. Nbd2 exd4 14. Nxd4 Rc8
15. a4 b4 16. N2f3 Re8 17. Bg5 g6 18. b3 d5 19. exd5 Nxd5 20. Bxe7 Rxe7 21. Qd2
Rec7 22. Be4 Nc3 23. Bxb7 Nxb7 24. Re5 f6 25. Ree1 Nc5 26. Ne6 Qxd2 27. Nxd2
Rd7 28. Nxc5 Rxc5 29. Re8+ Kf7 30. Rae1 Rcd5 31. Nc4 Rd1 32. Kf1 Rxe1+ 33. Rxe1
Rd5 34. g3 g5 35. Kg2 h5 36. Kf3 Rd4 37. Na5 Rd3+ 38. Re3 Rd2 1/2-1/2

[Event "10MCR_4DW_1L_2S"]
[Site "CR"]
[Date "2012.??.??"]
[Round "?"]
[White "Zahour, Jiri"]
[Black "Cakl, Miloslav"]
[Result "1-0"]
[WhiteElo "2345"]
[BlackElo "2123"]
[Annotator "31"]
[PlyCount "115"]
[EventDate "2012.??.??"]
[EventType "corr"]

1. e4 c5 2. Nf3 d6 3. d4 cxd4 4. Qxd4 Nc6 5. Bb5 Bd7 6. Qd3 a6 7. Bxc6 Bxc6 8.
Nc3 Nf6 9. O-O e6 10. Nd4 Be7 11. Nxc6 bxc6 12. Qg3 O-O 13. Rd1 Qa5 14. Bh6 Nh5
15. Qg4 Rfb8 16. Rab1 Rb7 17. Rd3 g6 18. b3 Nf6 19. Qf4 Rd8 20. Rbd1 Nd7 21.
Qd2 Qc5 22. Na4 Qh5 23. Rh3 Qb5 24. c4 Qb4 25. Qb2 Bf6 26. Qc1 Qa5 27. Bf4 e5
28. Bd2 Qc7 29. Rd3 Rbb8 30. Be3 Be7 31. g3 h5 32. Kg2 Kg7 33. h4 Nf6 34. f3
Nd7 35. Qd2 Nf8 36. Bh6+ Kg8 37. f4 Nd7 38. f5 gxf5 39. exf5 d5 40. cxd5 cxd5
41. f6 Bxf6 42. Bg5 Qc6 43. Bxf6 Nxf6 44. Qg5+ Kf8 45. Rf1 Ne4 46. Qxh5 f6 47.
Qh8+ Kf7 48. Qh7+ Ke6 49. Nc3 Rd6 50. Nxe4 dxe4 51. Rxd6+ Qxd6 52. Qxe4 Rf8 53.
g4 Qd5 54. Qxd5+ Kxd5 55. Kg3 Ke6 56. g5 f5 57. h5 Rd8 58. h6 1-0

[Event "10MCR_4DW_1L_2S"]
[Site "CR"]
[Date "2012.??.??"]
[Round "?"]
[White "Pavlicek, Miroslav"]
[Black "Zahour, Jiri"]
[Result "0-1"]
[WhiteElo "2232"]
[BlackElo "2345"]
[Annotator "32"]
[PlyCount "110"]
[EventDate "2012.??.??"]
[EventType "corr"]

1. e4 c5 2. Nf3 d6 3. d4 cxd4 4. Nxd4 Nf6 5. Nc3 a6 6. Bg5 e6 7. f4 Qb6 8. Qd3
Qxb2 9. Rb1 Qa3 10. f5 Be7 11. fxe6 fxe6 12. Be2 Qa5 13. Bd2 Qc7 14. g4 h6 15.
Qh3 e5 16. Nf5 Bxf5 17. gxf5 Nbd7 18. Rg1 Kf8 19. Qg2 Rh7 20. Rb3 b5 21. Qg6
Kg8 22. Bxh6 Nf8 23. Qg2 Bd8 24. Bd2 N8d7 25. a4 Nc5 26. Rb4 Kh8 27. axb5 axb5
28. Rxb5 Qc6 29. Bf3 Na4 30. Rb3 Bb6 31. Rf1 Nc5 32. Rb4 Ba5 33. Rc4 Bxc3 34.
Bxc3 Ra4 35. Rxa4 Qxa4 36. Kd1 Qa3 37. Bd2 d5 38. exd5 e4 39. Be2 Qa1+ 40. Bc1
Qd4+ 41. Ke1 e3 42. Bf3 Qc3+ 43. Ke2 Qxc2+ 44. Kxe3 Qc3+ 45. Ke2 Rh4 46. Rd1
Qc4+ 47. Ke1 Nd3+ 48. Rxd3 Qxd3 49. d6 Rc4 50. Bg5 Qb1+ 51. Ke2 Ra4 52. d7 Qb5+
53. Ke1 Qe5+ 54. Be2 Ra1+ 55. Kf2 Qxf5+ 0-1

[Event "10MCR_4DW_1L_2S"]
[Site "CR"]
[Date "2012.??.??"]
[Round "?"]
[White "Zahour, Jiri"]
[Black "Svrsek, Radomir"]
[Result "1-0"]
[WhiteElo "2345"]
[BlackElo "2177"]
[Annotator "33"]
[PlyCount "177"]
[EventDate "2012.??.??"]
[EventType "corr"]

1. e4 c6 2. d4 d5 3. exd5 cxd5 4. c3 Nc6 5. Bd3 Nf6 6. Bf4 g6 7. Nf3 Bg7 8. O-O
O-O 9. Nbd2 Nh5 10. Be3 Qc7 11. Re1 a6 12. Nb3 Nf4 13. Bc2 Ne6 14. Qd2 Bd7 15.
h4 b6 16. h5 Rfe8 17. a4 Bf6 18. Bd3 Ng7 19. hxg6 hxg6 20. Bf4 Qb7 21. Ne5 Bf5
22. Bxf5 Nxf5 23. Ng4 Bg7 24. Ne3 Nxe3 25. Rxe3 Qc8 26. a5 Qd8 27. Rh3 bxa5 28.
Bg5 Rb8 29. Nc5 Qd6 30. Bh6 Bf6 31. f4 e6 32. Qf2 Bg7 33. f5 exf5 34. Bf4 Qd8
35. Bxb8 Nxb8 36. Re3 Rf8 37. Qf4 Bf6 38. Rg3 Nc6 39. Re1 Bg7 40. Rge3 Bf6 41.
Rh3 Bg7 42. Nxa6 a4 43. Nc5 Na5 44. Nxa4 Nc4 45. b4 Re8 46. Rxe8+ Qxe8 47. Nc5
Qe1+ 48. Qf1 Qd2 49. Rd3 Qg5 50. Qe1 Qd8 51. Rh3 Nd6 52. Qh4 Bf6 53. Qh7+ Kf8
54. Re3 Ne4 55. Nxe4 dxe4 56. Qh2 Bg7 57. Qf4 Bf6 58. Rh3 Kg7 59. g4 fxg4 60.
Qxg4 Qa8 61. Re3 Qa1+ 62. Kh2 Qf1 63. Qxe4 Qf2+ 64. Kh3 Bg5 65. Re2 Qf1+ 66.
Qg2 Qf5+ 67. Kh2 Bf4+ 68. Kg1 Bc7 69. Rf2 Qh5 70. Rf3 Bh2+ 71. Kf2 Bd6 72. Qf1
Qh2+ 73. Ke3 Qa2 74. b5 Qb3 75. Qd3 Bh2 76. Rh3 Bg1+ 77. Kf3 Qb2 78. Qe2 Qxc3+
79. Kg2 Qxd4 80. Rd3 Qf6 81. Kxg1 Qg5+ 82. Kf2 Qxb5 83. Qe4 Qb2+ 84. Kg3 Qc1
85. Qe5+ Kh7 86. Rd7 Qg1+ 87. Kh4 Qf1 88. Kg5 Qg2+ 89. Kf6 1-0

[Event "10MCR_4DW_1L_2S"]
[Site "CR"]
[Date "2012.??.??"]
[Round "?"]
[White "Mikoska, Josef"]
[Black "Gubas, Jan"]
[Result "1-0"]
[WhiteElo "2222"]
[BlackElo "2334"]
[Annotator "34"]
[PlyCount "95"]
[EventDate "2012.??.??"]
[EventType "corr"]

1. e4 e5 2. Nf3 Nc6 3. Bb5 a6 4. Ba4 Nf6 5. O-O Be7 6. Re1 b5 7. Bb3 O-O 8. c3
d6 9. h3 Bb7 10. d4 Re8 11. Nbd2 exd4 12. cxd4 Na5 13. Bc2 c5 14. d5 Nd7 15.
Rb1 Bf6 16. b3 Bc3 17. Re3 Bf6 18. Nf1 Bc8 19. Ng3 g6 20. Qe1 Nb7 21. Bb2 Bxb2
22. Rxb2 f6 23. Nd2 Qa5 24. Ne2 Nd8 25. b4 cxb4 26. Nf1 Ne5 27. Rg3 Nb7 28. Ne3
Nc5 29. Qb1 Bd7 30. Rxb4 Rac8 31. a3 h5 32. h4 g5 33. f4 Ng4 34. e5 Qb6 35. Bg6
Re7 36. e6 gxh4 37. Rxg4 hxg4 38. Kh1 h3 39. Nxg4 Bxe6 40. dxe6 Qc6 41. Be4
Nxe4 42. Qxe4 Kf8 43. f5 Qxe4 44. Rxe4 d5 45. Re3 hxg2+ 46. Kg1 d4 47. Rh3 Kg7
48. Rh6 1-0

[Event "10MCR_4DW_1L_2S"]
[Site "CR"]
[Date "2012.??.??"]
[Round "?"]
[White "Cakl, Miloslav"]
[Black "Svrsek, Radomir"]
[Result "0-1"]
[WhiteElo "2123"]
[BlackElo "2177"]
[Annotator "35"]
[PlyCount "110"]
[EventDate "2012.??.??"]
[EventType "corr"]

1. e4 e5 2. Nf3 Nc6 3. Bc4 Bc5 4. d3 Nf6 5. Nc3 d6 6. Bg5 h6 7. Bxf6 Qxf6 8.
Nd5 Qd8 9. c3 Ne7 10. Ne3 O-O 11. O-O c6 12. Qc2 Bxe3 13. fxe3 b5 14. Bb3 a5
15. a4 Qc7 16. Rf2 Bd7 17. d4 Rab8 18. axb5 cxb5 19. Ba2 Kh7 20. Qd3 a4 21. Nh4
f6 22. Rd1 Be8 23. Rc2 Nc8 24. Be6 Nb6 25. Qf1 g6 26. Qe2 Qe7 27. Qg4 Bf7 28.
d5 Nc4 29. Qg3 Na5 30. Bf5 Rg8 31. Bg4 Nb3 32. Qe1 Nc5 33. Bf3 Rb6 34. Qf2 Rgb8
35. g3 b4 36. cxb4 Rxb4 37. Rf1 Kg7 38. Qe2 Qd8 39. Rf2 R8b7 40. Qf1 a3 41.
bxa3 Rb1 42. Rc1 Rxc1 43. Qxc1 Nd3 44. Qc3 Nxf2 45. Kxf2 Qc7 46. Qxc7 Rxc7 47.
Bd1 Rc1 48. Ba4 Ra1 49. Kf3 f5 50. Bc6 fxe4+ 51. Kxe4 Kf6 52. Nf3 Rd1 53. h4 g5
54. hxg5+ hxg5 55. Nh2 Bh5 0-1

[Event "10MCR_4DW_1L_2S"]
[Site "CR"]
[Date "2012.??.??"]
[Round "?"]
[White "Cernovsky, Karel"]
[Black "Zahour, Jiri"]
[Result "1/2-1/2"]
[WhiteElo "2331"]
[BlackElo "2345"]
[Annotator "36"]
[PlyCount "157"]
[EventDate "2012.??.??"]
[EventType "corr"]

1. e4 c5 2. Nf3 d6 3. d4 cxd4 4. Nxd4 Nf6 5. Nc3 a6 6. Be3 e5 7. Nb3 Be6 8. f3
Be7 9. Qd2 O-O 10. O-O-O Nbd7 11. g4 b5 12. g5 b4 13. Ne2 Ne8 14. f4 g6 15. h4
a5 16. h5 a4 17. Nbd4 b3 18. a3 bxc2 19. Nxc2 Nc5 20. Bxc5 dxc5 21. Qc3 Qb8 22.
hxg6 fxg6 23. Bh3 Bxh3 24. Rxh3 Qb3 25. Qxe5 Qxh3 26. Qd5+ Kh8 27. Qxa8 Qf3 28.
Qd5 Qxe2 29. Qe5+ Ng7 30. Qxe7 Kg8 31. Qe5 Qf3 32. Qd5+ Kh8 33. Qxc5 Qxf4+ 34.
Kb1 Ne6 35. Qc3+ Kg8 36. Qc4 Qf7 37. Qxa4 Nxg5 38. Qc6 Qf3 39. Re1 Qb3 40. a4
Rd8 41. Kc1 Qf7 42. Qb6 Rc8 43. Rd1 Rc7 44. a5 h5 45. a6 Nxe4 46. Kb1 Kh7 47.
Ne3 Nf6 48. Rf1 Qe7 49. Rf4 Ne8 50. Ra4 Qd8 51. Ka2 Qd7 52. Re4 Qf7+ 53. Kb1
Ng7 54. Re5 Ra7 55. Rb5 Ra8 56. Nd5 Qf1+ 57. Ka2 Ne6 58. Qb7+ Kh6 59. Ne3 Nc5
60. Rxc5 Qxa6+ 61. Qxa6 Rxa6+ 62. Kb3 Re6 63. Rc3 Rb6+ 64. Kc2 h4 65. Rc4 g5
66. Ng4+ Kg6 67. b4 Rb8 68. Rc6+ Kf5 69. Nh6+ Kf4 70. Rc4+ Ke5 71. Rc5+ Kf4 72.
Rf5+ Ke4 73. Rxg5 h3 74. Kc3 Rc8+ 75. Kb3 Rc1 76. Rg8 Rb1+ 77. Ka4 h2 78. Ng4
h1=N 79. Ka5 1/2-1/2

[Event "10MCR_4DW_1L_2S"]
[Site "CR"]
[Date "2012.??.??"]
[Round "?"]
[White "Pavlicek, Miroslav"]
[Black "Binas, Jindrich"]
[Result "0-1"]
[WhiteElo "2232"]
[BlackElo "2217"]
[Annotator "37"]
[PlyCount "138"]
[EventDate "2012.??.??"]
[EventType "corr"]

1. d4 Nf6 2. c4 e6 3. Nc3 Bb4 4. f3 c5 5. d5 d6 6. e4 O-O 7. Nge2 exd5 8. cxd5
Nbd7 9. Ng3 Ne5 10. Be2 Re8 11. O-O a6 12. Be3 Ba5 13. a3 Bd7 14. b4 cxb4 15.
axb4 Bxb4 16. Qb3 a5 17. Na2 Bc5 18. Bxc5 dxc5 19. Nc3 a4 20. Qxb7 Qa5 21. Qb2
Reb8 22. Qd2 Rb3 23. f4 Nc4 24. Bxc4 Rxc3 25. Be2 h5 26. f5 Qb4 27. Rfb1 Rb3
28. Qxb4 Rxb4 29. Bf3 h4 30. Nf1 Re8 31. Nd2 Bb5 32. Rc1 Nd7 33. Kf2 Kf8 34.
Ra2 Ke7 35. Be2 Rb8 36. Bxb5 R8xb5 37. Nc4 Kf6 38. d6 g6 39. Ra3 gxf5 40. Rf3
Rb7 41. Ke2 Rb1 42. Rcc3 R1b3 43. Rxf5+ Ke6 44. Rc2 R3b4 45. Kd3 a3 46. Rh5 Ra4
47. Ra2 h3 48. gxh3 Rb3+ 49. Kc2 Rf3 50. Nd2 Rf2 51. Kb3 Ra8 52. Rh6+ f6 53.
Rh7 Ne5 54. Re7+ Kxd6 55. Rxe5 Rxd2 56. Rxd2+ Kxe5 57. Ka2 Kxe4 58. Re2+ Kd3
59. Re7 Rf8 60. Rd7+ Kc2 61. Rc7 f5 62. Rxc5+ Kd3 63. Kxa3 f4 64. Kb3 f3 65.
Rd5+ Ke4 66. Rd1 f2 67. Rf1 Kd3 68. h4 Rb8+ 69. Ka3 Ke2 0-1

[Event "10MCR_4DW_1L_2S"]
[Site "CR"]
[Date "2012.??.??"]
[Round "?"]
[White "Svrsek, Radomir"]
[Black "Hostinsky, Jiri"]
[Result "1/2-1/2"]
[WhiteElo "2177"]
[BlackElo "2391"]
[Annotator "38"]
[PlyCount "67"]
[EventDate "2012.??.??"]
[EventType "corr"]

1. e4 c5 2. Nf3 e6 3. d4 cxd4 4. Nxd4 a6 5. Nc3 Qc7 6. Be2 Nf6 7. O-O Nc6 8.
Be3 Be7 9. f4 d6 10. Qe1 O-O 11. Qg3 Nxd4 12. Bxd4 b5 13. a3 Bb7 14. Kh1 Bc6
15. Rae1 Qb7 16. Bd3 b4 17. axb4 Qxb4 18. Ne2 Qb7 19. e5 Nh5 20. Qg4 g6 21. Bc3
dxe5 22. fxe5 Ng7 23. Nd4 Bd5 24. Nf3 h5 25. Qg3 a5 26. Rf2 a4 27. Ng5 Bxg5 28.
Qxg5 a3 29. bxa3 Rxa3 30. Bd4 Ra4 31. c3 Rfa8 32. h3 Ra2 33. c4 Bc6 34. Bc2
1/2-1/2

[Event "10MCR_4DW_1L_2S"]
[Site "CR"]
[Date "2012.??.??"]
[Round "?"]
[White "Hrdy, Roman"]
[Black "Svrsek, Radomir"]
[Result "1-0"]
[WhiteElo "2356"]
[BlackElo "2177"]
[Annotator "39"]
[PlyCount "115"]
[EventDate "2012.??.??"]
[EventType "corr"]

1. d4 Nf6 2. c4 e6 3. g3 d5 4. Bg2 dxc4 5. Nf3 Nc6 6. Qa4 Bb4+ 7. Bd2 Nd5 8.
Bxb4 Ndxb4 9. Nc3 Bd7 10. O-O a5 11. Qd1 Nd5 12. e3 Nce7 13. Ne5 b5 14. Qg4 g6
15. a4 c6 16. Qh3 h5 17. Be4 Ra6 18. g4 Nxc3 19. bxc3 Nd5 20. Rfc1 Qf6 21. axb5
cxb5 22. Qg2 hxg4 23. Bxd5 exd5 24. Qxd5 Qe6 25. Qb7 Qd6 26. Rcb1 Rh5 27. Kf1
Rxe5 28. dxe5 Qc6 29. Qxc6 Bxc6 30. Rd1 Bf3 31. Rdb1 Bc6 32. Rd1 Bf3 33. Rd6
Rxd6 34. exd6 a4 35. Rb1 Bc6 36. e4 f6 37. Ke2 Kd7 38. Ke3 Kxd6 39. Kd4 Bd7 40.
Rf1 g5 41. f4 gxf3 42. Rxf3 Ke6 43. Rh3 Be8 44. Rh7 Bd7 45. Rh6 Kf7 46. e5
fxe5+ 47. Kxe5 Bg4 48. Rf6+ Kg7 49. Rb6 Bh3 50. Rxb5 Bg4 51. Rb4 Be2 52. Rxa4
Kg6 53. Ra8 Kh5 54. Kf6 Kg4 55. Rg8 Kh3 56. Rxg5 Kxh2 57. Ke5 Bd1 58. Kd4 1-0

[Event "10MCR_4DW_1L_2S"]
[Site "CR"]
[Date "2012.??.??"]
[Round "?"]
[White "Binas, Jindrich"]
[Black "Hostinsky, Jiri"]
[Result "1/2-1/2"]
[WhiteElo "2217"]
[BlackElo "2391"]
[Annotator "40"]
[PlyCount "73"]
[EventDate "2012.??.??"]
[EventType "corr"]

1. e4 c5 2. Nf3 e6 3. d4 cxd4 4. Nxd4 a6 5. Bd3 Nf6 6. O-O d6 7. Qf3 Qc7 8. Nc3
Nbd7 9. Qg3 h5 10. Nf3 b5 11. a3 Bb7 12. Rd1 Nc5 13. Re1 Be7 14. Bg5 O-O 15.
Rac1 Rac8 16. Qh4 Ncd7 17. Rcd1 Rfe8 18. h3 g6 19. Nd2 Kg7 20. Qg3 Ba8 21. Nf3
Rb8 22. Bc1 Ne5 23. Nxe5 dxe5 24. Na2 Rbd8 25. f3 Nd7 26. Kh1 Nc5 27. Nb4 Bb7
28. Bf1 Rxd1 29. Rxd1 Na4 30. Nd3 Qxc2 31. Re1 Bf6 32. Nxe5 Rc8 33. Bg5 Bxg5
34. Qxg5 Nxb2 35. Nxg6 fxg6 36. Qe7+ Kh6 37. Qxb7 1/2-1/2

[Event "10MCR_4DW_1L_2S"]
[Site "CR"]
[Date "2012.??.??"]
[Round "?"]
[White "Hrdy, Roman"]
[Black "Cakl, Miloslav"]
[Result "1-0"]
[WhiteElo "2356"]
[BlackElo "2123"]
[Annotator "41"]
[PlyCount "119"]
[EventDate "2012.??.??"]
[EventType "corr"]

1. d4 Nf6 2. c4 e6 3. g3 d5 4. Bg2 Be7 5. Nf3 dxc4 6. Qa4+ Bd7 7. Qxc4 Bc6 8.
Nc3 O-O 9. O-O Nbd7 10. Qd3 a5 11. a3 Nd5 12. Nxd5 exd5 13. Bf4 Bd6 14. Bxd6
cxd6 15. Rfc1 Nf6 16. Nd2 Qe8 17. Nf1 Ne4 18. Ne3 a4 19. Bxe4 dxe4 20. Qd2 Qd7
21. d5 Bb5 22. Rc3 Rac8 23. Rac1 Rxc3 24. Rxc3 Re8 25. Rc2 Rc8 26. Rxc8+ Qxc8
27. Nd1 f5 28. Nc3 Be8 29. Qf4 Qd7 30. h3 g6 31. g4 Kg7 32. Kg2 Bf7 33. Kg3 h6
34. h4 Be8 35. gxf5 gxf5 36. Nd1 Bg6 37. Ne3 h5 38. Qg5 Kf7 39. Ng2 Qe7 40. Nf4
Qf6 41. e3 Qxg5+ 42. hxg5 b6 43. Kh4 Kg7 44. Nxh5+ Kh7 45. Nf4 Be8 46. Kg3 Bd7
47. Ne6 Bb5 48. Nd4 Bd7 49. Kf4 Kg6 50. Nc6 Kf7 51. Nd8+ Ke7 52. Ne6 Bxe6 53.
dxe6 Kxe6 54. g6 Kf6 55. g7 Kxg7 56. Kxf5 Kf7 57. Kxe4 Ke6 58. Kd4 d5 59. e4
dxe4 60. Kxe4 1-0

[Event "10MCR_4DW_1L_2S"]
[Site "CR"]
[Date "2012.??.??"]
[Round "?"]
[White "Gubas, Jan"]
[Black "Cernovsky, Karel"]
[Result "1/2-1/2"]
[WhiteElo "2334"]
[BlackElo "2331"]
[Annotator "42"]
[PlyCount "80"]
[EventDate "2012.??.??"]
[EventType "corr"]

1. e4 e5 2. Nf3 Nc6 3. Bb5 a6 4. Ba4 Nf6 5. O-O Be7 6. Re1 b5 7. Bb3 d6 8. c3
O-O 9. h3 Na5 10. Bc2 c5 11. d4 Qc7 12. Nbd2 cxd4 13. cxd4 Re8 14. b3 Nc6 15.
Bb2 Bb7 16. Rc1 Qb6 17. Nf1 Rac8 18. Ng3 g6 19. Qd2 exd4 20. Nxd4 Nd7 21. Nxc6
Rxc6 22. b4 Rec8 23. Bb3 Rxc1 24. Rxc1 Rxc1+ 25. Qxc1 Ne5 26. Qf4 Nc4 27. Nf1
Qd8 28. Bxc4 bxc4 29. Ne3 Bg5 30. Qg3 Bh4 31. Qg4 h5 32. Qf3 Qe7 33. Nxc4 Qxe4
34. Qxe4 Bxe4 35. Nxd6 Bd5 36. a3 Kf8 37. Nc8 Bc6 38. Nb6 Bd8 39. Nc4 Ke7 40.
Ne5 Bb5 1/2-1/2

[Event "10MCR_4DW_1L_2S"]
[Site "CR"]
[Date "2012.??.??"]
[Round "?"]
[White "Cakl, Miloslav"]
[Black "Cernovsky, Karel"]
[Result "0-1"]
[WhiteElo "2123"]
[BlackElo "2331"]
[Annotator "43"]
[PlyCount "108"]
[EventDate "2012.??.??"]
[EventType "corr"]

1. e4 e5 2. Nf3 Nc6 3. d4 exd4 4. Nxd4 Nf6 5. Nc3 Bb4 6. Nxc6 bxc6 7. Bd3 d5 8.
exd5 cxd5 9. O-O O-O 10. Bg5 c6 11. Re1 h6 12. Bf4 a5 13. a3 Bd6 14. Qd2 Qc7
15. Ne2 Bxf4 16. Nxf4 c5 17. Nxd5 Nxd5 18. Be4 Nb6 19. Bxa8 Nxa8 20. Rad1 Be6
21. Qc3 a4 22. Re5 Rc8 23. Rd3 Nb6 24. Rg3 Rd8 25. h3 Rd1+ 26. Kh2 g5 27. Qxc5
Qxc5 28. Rxc5 Nc4 29. h4 Nd2 30. Rd3 gxh4 31. f3 Kg7 32. g4 Nf1+ 33. Kg2 Rc1
34. Kh3 Re1 35. Kxh4 Re2 36. f4 Re4 37. Rf3 Nh2 38. Rd3 Nxg4 39. Kg3 Kg6 40.
Kf3 Re1 41. b4 Bf5 42. Rdc3 h5 43. b5 Be4+ 44. Kg3 f6 45. R5c4 Rg1+ 46. Kh4 Bg2
47. f5+ Kxf5 48. Rxa4 Rh1+ 49. Kg3 Bd5 50. Rf4+ Ke5 51. Rff3 Bxf3 52. Rxf3 Rh2
53. b6 f5 54. Re3+ Nxe3 0-1

[Event "10MCR_4DW_1L_2S"]
[Site "CR"]
[Date "2012.??.??"]
[Round "?"]
[White "Hostinsky, Jiri"]
[Black "Nedoma, Petr"]
[Result "1/2-1/2"]
[WhiteElo "2391"]
[BlackElo "2417"]
[Annotator "44"]
[PlyCount "77"]
[EventDate "2012.??.??"]
[EventType "corr"]

1. e4 e5 2. Nf3 Nc6 3. Bb5 a6 4. Ba4 Nf6 5. O-O Be7 6. Re1 b5 7. Bb3 d6 8. c3
O-O 9. h3 Bb7 10. d4 Re8 11. Nbd2 Bf8 12. a3 h6 13. d5 Nb8 14. Nh2 Nbd7 15. Qf3
c6 16. dxc6 Bxc6 17. Ng4 Qe7 18. Nf1 Nxg4 19. hxg4 Nc5 20. Ba2 g6 21. Ng3 Ne6
22. Be3 Qh4 23. Bd5 Rac8 24. Red1 Be7 25. Nf1 Kg7 26. a4 bxa4 27. Bxc6 Rxc6 28.
Rxa4 Rb8 29. Rd2 Bg5 30. Bxg5 Nxg5 31. Qg3 Qxg3 32. Nxg3 Ne6 33. f3 Nc5 34. Ra2
Kf6 35. Nf1 a5 36. Ne3 a4 37. Nd5+ Ke6 38. Kf2 Rcc8 39. Ke3 1/2-1/2

[Event "10MCR_4DW_1L_2S"]
[Site "CR"]
[Date "2012.??.??"]
[Round "?"]
[White "Nedoma, Petr"]
[Black "Svrsek, Radomir"]
[Result "1-0"]
[WhiteElo "2417"]
[BlackElo "2177"]
[Annotator "45"]
[PlyCount "141"]
[EventDate "2012.??.??"]
[EventType "corr"]

1. d4 Nf6 2. c4 e6 3. Nf3 d5 4. Nc3 Be7 5. Bf4 O-O 6. e3 Nbd7 7. Be2 c6 8. Nd2
dxc4 9. Nxc4 b5 10. Nd6 Nb6 11. Nxc8 Rxc8 12. O-O h6 13. a3 Bd6 14. Bxd6 Qxd6
15. Qc2 Rfd8 16. Rfd1 e5 17. a4 a6 18. axb5 axb5 19. Ra6 exd4 20. Rxd4 Qb8 21.
Ne4 Nxe4 22. Qxe4 Qb7 23. Rxd8+ Rxd8 24. Ra1 Nd5 25. Rd1 Qc7 26. Qd3 Ra8 27.
Bf3 Qe5 28. Qb3 Ne7 29. g3 Qf6 30. Kg2 Ng6 31. Be2 Ne5 32. Qc3 Ra2 33. Rd2 Qe6
34. Rd8+ Kh7 35. Qd4 f6 36. h4 c5 37. Qe4+ f5 38. Qd5 Qxd5+ 39. Rxd5 Rxb2 40.
Rxe5 Rxe2 41. Rxc5 b4 42. Kf3 Rd2 43. Rxf5 b3 44. e4 b2 45. Rb5 Rc2 46. Ke3 Kg8
47. g4 Kf7 48. f4 Rh2 49. Kf3 Ke8 50. g5 hxg5 51. hxg5 Kd7 52. Kg4 Ke6 53. f5+
Kd7 54. e5 Re2 55. e6+ Kc6 56. Rb3 Rf2 57. Kh5 Rxf5 58. Rxb2 Re5 59. Kg6 Kd6
60. Kf7 Rf5+ 61. Kxg7 Rxg5+ 62. Kf6 Rg3 63. Rd2+ Kc7 64. e7 Rf3+ 65. Ke6 Re3+
66. Kf7 Rf3+ 67. Ke8 Re3 68. Rd7+ Kc8 69. Rd8+ Kc7 70. Kf7 Rf3+ 71. Kg6 1-0

[Event "10MCR_4DW_1L_2S"]
[Site "CR"]
[Date "2012.??.??"]
[Round "?"]
[White "Hostinsky, Jiri"]
[Black "Cakl, Miloslav"]
[Result "1-0"]
[WhiteElo "2391"]
[BlackElo "2123"]
[Annotator "46"]
[PlyCount "65"]
[EventDate "2012.??.??"]
[EventType "corr"]

1. e4 c5 2. Nf3 d6 3. d4 cxd4 4. Nxd4 Nf6 5. Nc3 g6 6. Be3 Bg7 7. f3 O-O 8. Qd2
Nc6 9. Bc4 Bd7 10. O-O-O Ne5 11. Bb3 Rc8 12. h4 h5 13. Bg5 Re8 14. Kb1 Rc5 15.
Bh6 Nc4 16. Bxc4 Bxh6 17. Qxh6 Rxc4 18. g4 Qb6 19. Nce2 hxg4 20. h5 g5 21.
Qxg5+ Kh7 22. Nf5 Bxf5 23. Qxf5+ Kg8 24. Nf4 Qf2 25. e5 dxe5 26. Ne6 Kh8 27.
Ng5 Kg8 28. h6 Qe2 29. Ne6 Qxc2+ 30. Qxc2 Rxc2 31. Kxc2 Rc8+ 32. Kb1 fxe6 33.
fxg4 1-0

[Event "10MCR_4DW_1L_2S"]
[Site "CR"]
[Date "2012.??.??"]
[Round "?"]
[White "Binas, Jindrich"]
[Black "Nedoma, Petr"]
[Result "1-0"]
[WhiteElo "2217"]
[BlackElo "2417"]
[Annotator "47"]
[PlyCount "123"]
[EventDate "2012.??.??"]
[EventType "corr"]

1. e4 Nf6 2. e5 Nd5 3. d4 d6 4. c4 Nb6 5. exd6 exd6 6. Nf3 Be7 7. Nc3 O-O 8.
Bd3 Nc6 9. h3 Re8 10. O-O Bf6 11. b3 Be6 12. Ne2 Nb4 13. Bb1 Nc6 14. a3 d5 15.
c5 Nd7 16. Ra2 Nf8 17. Re1 Bd7 18. Be3 Ne6 19. Rd2 Nb8 20. b4 c6 21. Nf4 Nxf4
22. Bxf4 Rxe1+ 23. Qxe1 Na6 24. Rb2 Nc7 25. Qe3 Ne6 26. Bd6 Be7 27. Be5 b5 28.
Re2 a5 29. Re1 g6 30. Nh2 axb4 31. axb4 Ra4 32. Ng4 Qf8 33. Bc2 Ra8 34. Bf5 h5
35. Bxe6 fxe6 36. Nh2 Ra2 37. Nf3 Qf5 38. Qh6 Bf6 39. Bxf6 Qxf6 40. Qe3 Ra4 41.
Qc3 Kg7 42. Re3 Ra2 43. Qc1 Qf4 44. Qb1 Ra6 45. h4 Qf6 46. g3 Ra7 47. Kg2 Qd8
48. Ng5 e5 49. dxe5 Bg4 50. f3 Bc8 51. e6 Qf6 52. Re2 Re7 53. f4 Rxe6 54. Nxe6+
Bxe6 55. Qb2 Qxb2 56. Rxb2 Kf6 57. Kf3 Bg4+ 58. Ke3 Be6 59. Kd4 Kf5 60. Ra2 Kg4
61. Ra6 Kxg3 62. Rxc6 1-0